000 nam a22 7a 4500
999 _c126451
_d126451
008 170518b xxu||||| |||| 00| 0 eng d
050 _aDT 3025.B8 B88
100 _aBurrett, Rob
_930838
245 _aOur Bulawayo heritage
_c/Rob Burrett
260 _aBulawayo
_bKhami Press
_c2015
300 _a44p. ;
_c21cm.
650 _aBulawayo ( Zimbabwe )
_xDescription and travel
_930845
942 _2lcc
_cMONOGRAPH